Bolsa del Trabajo de Barcelona : moción del diputado ponente de Acción Social a la Comisión Permanente / Diputación Provincial de Barcelona moción del diputado ponente de Acción Social a la Comisión Permanente / Diputación Provincial de Barcelona
MARC
| LEADER | 00000nam a2200000Ia 4500 | ||
|---|---|---|---|
| 001 | 12002 | ||
| 003 | BGR | ||
| 005 | 20260410113643.0 | ||
| 008 | 160829s1926 xx 000 0 cat d | ||
| 080 | |a RF-8-48 | ||
| 110 | 2 | |a Borsa de Treball de Barcelona |9 70690 | |
| 245 | |a Bolsa del Trabajo de Barcelona : |b moción del diputado ponente de Acción Social a la Comisión Permanente / Diputación Provincial de Barcelona | ||
| 260 | |a Barcelona : |b [Diputació de Barcelona], |c 1926 | ||
| 300 | |a 43 p. ; |c 21'5 cm | ||
| 650 | |a Borsa de Treball de Barcelona |x Reglaments i procediment |9 38601 | ||
| 856 | 4 | |u https://media.diba.cat/diba/fitxers/arxiu/fulletons/bib_12002_1926_baixa.pdf |y Accés lliure | |
| 856 | 4 | |u https://media.diba.cat/diba/fitxers/arxiu/fulletons/bib_12002_1926_baixa.pdf |y Accés lliure | |
| 900 | |a bib_12002_1926_baixa.pdf | ||
| 901 | |a Arxiu | ||
| 942 | |n 1 |2 udc |c MON | ||
| 952 | |0 0 |1 0 |4 0 |6 RF848 |7 1 |9 48494 |a Arxiu |b Arxiu |d 2016-12-01 |l 0 |o RF-8-48 |p 12002 |r 2016-12-01 00:00:00 |w 2016-12-01 |y ARXIU | ||
| 999 | |c 52323 |d 52323 | ||